LEADER 00905cam0-2200325---450- 001 990004227560403321 005 20130122164426.0 010 $a0-19-255362-3 035 $a000422756 035 $aFED01000422756 035 $a(Aleph)000422756FED01 035 $a000422756 100 $a19990604d1973----km-y0itay50------ba 101 0 $aeng 102 $aGB 105 $a--------001ay 200 1 $a<>monk$ea romance$fMatthew Lewis$gedited with an introduction by Howard Anderson 210 $aLondon$cOxford University press$d1973 215 $aXXX, 455 p.$d21 cm 225 1 $aOxford english novels 676 $a823.6 700 1$aLewis,$bMatthew$0137725 702 1$aAnderson,$bHoward 801 0$aIT$bUNINA$gRICA$2UNIMARC 901 $aBK 912 $a990004227560403321 952 $a823.6 LEWIS 3(1)$bBibl.35327$fFLFBC 959 $aFLFBC 996 $aMONK$9442535 997 $aUNINA LEADER 01144nam a2200337 i 4500 001 991000942259707536 005 20020507180257.0 008 981209s1977 us ||| | eng 020 $a0387902201 035 $ab10778949-39ule_inst 035 $aLE01304642$9ExL 040 $aDip.to Matematica$beng 082 0 $a514.2 084 $aAMS 57M 100 1 $aMoise, Edwin E.$057503 245 10$aGeometric topology in dimensions 2 and 3 /$cEdwin E. Moise 260 $aNew York :$bSpringer-Verlag,$cc1977 300 $ax, 262 p. :$bill. ;$c24 cm 490 0 $aGraduate texts in mathematics,$x0072-5285 ;$v47 500 $aIncludes index. 500 $aBibliography: p. 256-258 650 0$aHomeomorphisms 650 0$aLow-dimensional topology 650 0$aManifolds 650 0$aTopology 907 $a.b10778949$b23-02-17$c28-06-02 912 $a991000942259707536 945 $aLE013 57M MOI11 (1977)$g1$i2013000105130$lle013$o-$pE0.00$q-$rl$s- $t0$u1$v0$w1$x0$y.i10878312$z28-06-02 996 $aGeometric topology in dimensions 2 and 3$9381772 997 $aUNISALENTO 998 $ale013$b01-01-98$cm$da $e-$feng$gus $h0$i1